Ecology and cooperative breeding in a frugivorous bird, Semnornis ramphastinus (Registro nro. 3035)

Detalles MARC
000 -CABECERA
Campo de control 00631nam a2200217 a 4500
005 - FECHA Y HORA DE LA ULTIMA TRANSACCION
Campo de control 20191224041657.0
008 - ELEMENTOS DE LONGITUD FIJA—INFORMACION GENERAL
Campo de control 140307b1990 flu|||||rm||| 00| 0 eng d
040 ## - FUENTE DE CATALOGACIÓN
Agencia catalogadora original CO-BoIAVH
Agencia transcriptora CO-BoIAVH
041 ## - IDIOMA
Código de idioma para texto/pista de sonido o título separado Inglés
044 ## - PAÍS DE PUBLICACIÓN
País de publicación Estados Unidos
090 ## - CLASIFICACIÓN LOCAL
Colección TE
Consecutivo 0036
100 ## - ASIENTO PRINCIPAL--NOMBRE PERSONAL
Nombre personal Restrepo, Carla
9 (RLIN) 74814
245 ## - MENCION DE TITULO
Título Ecology and cooperative breeding in a frugivorous bird, Semnornis ramphastinus
260 ## - PUBLICACION, DISTRIBUCION, ETC. (PIE DE IMPRENTA)
Lugar de publicación, distribución, etc. Florida
Nombre del editor, distribuidor, etc. University of Florida
Fecha de publicación, distribución, etc. 1990
300 ## - DESCRIPCION FISICA
Extensión 83 p.
650 ## - ASIENTO SECUNDARIO DE MATERIA - TERMINO TEMATICO
Término temático o nombre geográfico como elemento de entrada Ornitología
9 (RLIN) 74815
650 ## - ASIENTO SECUNDARIO DE MATERIA - TERMINO TEMATICO
Término temático o nombre geográfico como elemento de entrada Aves frugívoras
9 (RLIN) 18249
650 ## - ASIENTO SECUNDARIO DE MATERIA - TERMINO TEMATICO
Término temático o nombre geográfico como elemento de entrada Ecología animal
9 (RLIN) 74816
650 ## - ASIENTO SECUNDARIO DE MATERIA - TERMINO TEMATICO
Término temático o nombre geográfico como elemento de entrada Comportamiento animal
9 (RLIN) 4688
942 ## - ELEMENTOS ADICIONALES (KOHA)
Tipo de ítem Tesis
Sistema de clasificación Local
Existencias
Withdrawn status Lost status Sistema de Clasificación Damaged status No para préstamo Colección Inventariado Ubicación Permanente Ubicación actual Fecha de adquisición Fuente de Valor Total Checkouts Número topográfico Inventario / Código de Barras Date last seen Ejemplar Price effective from Forma de adquisición Tipo de material
    Local     Tesis Inventariado 2017 Bogotá Bogotá 10/02/2003 Vallejo, Martha Isabel   TE-0036 005067 04/12/2012 Ej. 1 04/12/2012 Donación Tesis